[Event "Brno op 8th"]
[Site "Brno"]
[Date "2018.11.12"]
[Round "3"]
[White "Richterova, Natasa1111"]
[Black "Pelikan, Jaromir"]
[Result "1/2-1/2"]
[WhiteElo "1266"]
[BlackElo "1746"]
[PlyCount "53"]
[EventDate "2018.11.10"]
[EventType "swiss"]
[EventRounds "9"]
[EventCountry "CZE"]
[SourceTitle "CBM 187 Extra"]
[Source "ChessBase"]
[SourceDate "2018.11.04"]
[SourceVersion "1"]
[SourceVersionDate "2018.11.04"]
[SourceQuality "1"]

1. d4 Nf6 2. Nf3 g6 3. c4 d5 4. cxd5 Nxd5 5. Nc3 Nxc3 6. bxc3 Bg7 7. e4 0-0 8. Be2 c5 9. Be3 Nc6 10. 0-0 b6 11. Qd2 cxd4 12. cxd4 Bb7 13. Rac1 Rc8 14. Rfd1 e6 15. d5 exd5 16. exd5 Ne5 17. Nxe5 Bxe5 18. Rxc8 Qxc8 19. d6 Qd7 20. Bf4 Re8 21. Bxe5 Rxe5 22. h3 Rd5 23. Qf4 Rxd1+ 24. Bxd1 Bd5 25. Ba4 b5 26. Bb3 Bxb3 27. axb3 1/2-1/2

[Event "Stare Mesto op"]
[Site "Stare Mesto"]
[Date "2018.08.18"]
[Round "1"]
[White "Mica, Marek"]
[Black "Pelikan, Jaromir"]
[Result "1-0"]
[WhiteElo "2100"]
[BlackElo "1813"]
[PlyCount "115"]
[EventDate "2018.08.18"]
[EventType "swiss"]
[EventRounds "9"]
[EventCountry "CZE"]
[SourceTitle "CBM 186 Extra"]
[Source "ChessBase"]
[SourceDate "2018.08.24"]
[SourceVersion "1"]
[SourceVersionDate "2018.08.24"]
[SourceQuality "1"]

1. d4 Nf6 2. c4 g6 3. Nf3 Bg7 4. g3 d5 5. Bg2 0-0 6. 0-0 c6 7. Qb3 dxc4 8. Qxc4 Nbd7 9. Nc3 Nb6 10. Qd3 Re8 11. Rd1 Nfd5 12. e4 Nxc3 13. Qxc3 e5 14. Be3 exd4 15. Bxd4 Bxd4 16. Nxd4 Qe7 17. f4 Na4 18. Qc2 Nc5 19. Re1 Ne6 20. Rad1 Nxd4 21. Rxd4 Be6 22. f5 Bxf5 23. Rf1 Be6 24. Rf4 Rad8 25. Ra4 Qd6 26. Rxa7 Qd4+ 27. Qf2 Qxf2+ 28. Rxf2 Rd1+ 29. Rf1 Red8 30. Rxb7 Bxa2 31. b3 Rxf1+ 32. Bxf1 Rd1 33. Kf2 Bb1 34. Bc4 Bxe4 35. Bxf7+ Kf8 36. Bc4 h6 37. Ke3 Re1+ 38. Kf4 g5+ 39. Ke5 Bd5+ 40. Kd6 Bxc4 41. bxc4 Re2 42. Kxc6 Rxh2 43. c5 h5 44. Kd6 Rd2+ 45. Ke6 Rc2 46. Kf6 Ke8 47. Re7+ Kd8 48. Re5 h4 49. g4 h3 50. Rxg5 Rg2 51. Rg8+ Kd7 52. g5 h2 53. Rh8 Kc6 54. g6 Rf2+ 55. Ke7 Re2+ 56. Kf7 Rf2+ 57. Kg8 Ra2 58. g7 1-0

[Event "Brno Duras op-B"]
[Site "Brno"]
[Date "2010.07.04"]
[Round "9"]
[White "Cermak, Jan"]
[Black "Pelikan, Jaromir"]
[Result "0-1"]
[WhiteElo "1518"]
[BlackElo "1725"]
[PlyCount "70"]
[EventDate "2010.06.27"]
[EventType "swiss"]
[EventRounds "9"]
[EventCountry "CZE"]
[SourceTitle "EXT 2011"]
[Source "ChessBase"]
[SourceDate "2010.11.26"]
[SourceVersion "1"]
[SourceVersionDate "2010.11.26"]
[SourceQuality "1"]

1. e4 c6 2. d4 d5 3. exd5 cxd5 4. c4 Nf6 5. Nc3 e6 6. Bg5 Be7 7. Nf3 Nc6 8. Be2 dxc4 9. Bxc4 0-0 10. 0-0 Qb6 11. Bb3 Rd8 12. Be3 Qc7 13. Qc2 Nb4 14. Qe2 b6 15. a3 Nbd5 16. Rac1 Nf4 17. Bxf4 Qxf4 18. Qe5 Qh6 19. Qc7 Rd7 20. Qc6 Bb7 21. Qb5 Bxf3 22. Qd3 Bd6 23. g3 Qh3 24. Qxf3 Rf8 25. d5 exd5 26. Nxd5 Ng4 27. Qg2 Qh6 28. h3 Ne5 29. Rc3 Bb8 30. Rfc1 Nd3 31. R1c2 Ne1 32. Rc8 Nxc2 33. Rxf8+ Kxf8 34. Ba4 Rd8 35. Qe4 Qe6 0-1

[Event "Brno Duras op-B"]
[Site "Brno"]
[Date "2010.07.02"]
[Round "6"]
[White "Pelikan, Jaromir"]
[Black "Kopka, Josef"]
[Result "1-0"]
[WhiteElo "1725"]
[BlackElo "1000"]
[PlyCount "79"]
[EventDate "2010.06.27"]
[EventType "swiss"]
[EventRounds "9"]
[EventCountry "CZE"]
[SourceTitle "EXT 2011"]
[Source "ChessBase"]
[SourceDate "2010.11.26"]
[SourceVersion "1"]
[SourceVersionDate "2010.11.26"]
[SourceQuality "1"]

1. d4 d5 2. Nf3 e6 3. c4 Nf6 4. g3 Nbd7 5. Bg2 c6 6. 0-0 Be7 7. Qc2 h6 8. Rd1 dxc4 9. Ne5 Qa5 10. Qxc4 Nxe5 11. dxe5 Qxe5 12. Bxc6+ Nd7 13. Bg2 Qc5 14. Qb3 Qb6 15. Qc2 Qc5 16. Nc3 Rb8 17. a3 0-0 18. Be3 Qf5 19. Be4 Qa5 20. b4 Qc7 21. Nd5 Qd8 22. Nxe7+ Qxe7 23. Bxa7 Ra8 24. Be3 Re8 25. Qd2 f5 26. Bxb7 Bxb7 27. Qxd7 Qxd7 28. Rxd7 Bc6 29. Ra7 Rxa7 30. Bxa7 Ra8 31. Bd4 Kf7 32. f4 g6 33. Kf2 Ke7 34. Rd1 Rd8 35. Bf6+ Kxf6 36. Rxd8 h5 37. Rc8 Bd7 38. Rc7 Bb5 39. Ke3 e5 40. fxe5+ 1-0

[Event "Brno Duras op-B"]
[Site "Brno"]
[Date "2010.07.01"]
[Round "5"]
[White "Veznik, Michael"]
[Black "Pelikan, Jaromir"]
[Result "1-0"]
[WhiteElo "1250"]
[BlackElo "1725"]
[PlyCount "57"]
[EventDate "2010.06.27"]
[EventType "swiss"]
[EventRounds "9"]
[EventCountry "CZE"]
[SourceTitle "EXT 2011"]
[Source "ChessBase"]
[SourceDate "2010.11.26"]
[SourceVersion "1"]
[SourceVersionDate "2010.11.26"]
[SourceQuality "1"]

1. Nf3 Nf6 2. g3 d5 3. Bg2 g6 4. b3 Bg7 5. Bb2 0-0 6. 0-0 c5 7. d3 Nc6 8. Nbd2 Qc7 9. c3 e5 10. e4 dxe4 11. dxe4 Rd8 12. Qe2 b6 13. Rfd1 Bb7 14. Nf1 Rxd1 15. Rxd1 Rd8 16. Ne1 Rd6 17. Ne3 Qd8 18. Nd5 Ne7 19. c4 Nc6 20. Nd3 Ne8 21. f4 exf4 22. e5 Rd7 23. N3xf4 Nc7 24. Bh3 Rxd5 25. cxd5 Nb4 26. d6 Ncd5 27. Nxd5 Bxd5 28. e6 Bxb2 29. e7 1-0

[Event "Brno Duras op-B"]
[Site "Brno"]
[Date "2010.??.??"]
[Round "1"]
[White "Pelikan, Jaromir"]
[Black "Karpilovsky, Mark"]
[Result "1-0"]
[WhiteElo "1725"]
[BlackElo "1250"]
[PlyCount "53"]
[EventDate "2010.06.27"]
[EventType "swiss"]
[EventRounds "9"]
[EventCountry "CZE"]
[SourceTitle "EXT 2011"]
[Source "ChessBase"]
[SourceDate "2010.11.26"]
[SourceVersion "1"]
[SourceVersionDate "2010.11.26"]
[SourceQuality "1"]

1. d4 Nf6 2. Nf3 g6 3. c4 Bg7 4. Nc3 0-0 5. h3 d6 6. Bf4 c5 7. e3 e6 8. Be2 Nc6 9. 0-0 Qe7 10. dxc5 dxc5 11. Bd6 Qe8 12. Bxf8 Kxf8 13. Qd6+ Qe7 14. Qxe7+ Kxe7 15. Rfd1 b6 16. Ne1 Bb7 17. Bf3 Nd7 18. Rac1 Nce5 19. b3 Nxf3+ 20. Nxf3 Ne5 21. Ng5 h6 22. Nge4 Bxe4 23. Nxe4 Rd8 24. Rxd8 Kxd8 25. Rd1+ Kc7 26. f4 Nd7 27. Nd6 1-0

[Event "Brno Duras op-B"]
[Site "Brno"]
[Date "2010.??.??"]
[Round "3"]
[White "Pelikan, Jaromir"]
[Black "Slepanek, Jan"]
[Result "1-0"]
[WhiteElo "1725"]
[BlackElo "1818"]
[PlyCount "41"]
[EventDate "2010.06.27"]
[EventType "swiss"]
[EventRounds "9"]
[EventCountry "CZE"]
[SourceTitle "EXT 2011"]
[Source "ChessBase"]
[SourceDate "2010.11.26"]
[SourceVersion "1"]
[SourceVersionDate "2010.11.26"]
[SourceQuality "1"]

1. d4 c5 2. d5 d6 3. e4 g6 4. c4 Bg7 5. h3 f5 6. exf5 Bxf5 7. Bd3 Bxd3 8. Qxd3 Nf6 9. Nf3 0-0 10. Ng5 Qd7 11. Ne6 Rf7 12. Nd2 Na6 13. Nf3 Nb4 14. Qe2 Qa4 15. b3 Qa5 16. 0-0 Nbxd5 17. cxd5 Nxd5 18. Nxg7 Qc3 19. Bh6 Nf4 20. Bxf4 Kxg7 21. Bd2 1-0

[Event "Brno Duras op-B"]
[Site "Brno"]
[Date "2009.07.05"]
[Round "9"]
[White "Pelikan, Jaromir"]
[Black "Sperkova, Kristyna"]
[Result "1-0"]
[WhiteElo "1250"]
[BlackElo "1250"]
[PlyCount "58"]
[EventDate "2009.06.27"]
[EventType "swiss"]
[EventRounds "9"]
[EventCountry "CZE"]
[SourceTitle "CBM 131 Extra"]
[Source "ChessBase"]
[SourceDate "2009.09.03"]
[SourceVersion "2"]
[SourceVersionDate "2009.09.16"]
[SourceQuality "1"]

1. d4 d5 2. c4 dxc4 3. e3 Nf6 4. Bxc4 e6 5. Nf3 Nc6 6. Nc3 Bb4 7. 0-0 0-0 8. a3 Ba5 9. b4 Bb6 10. Na4 Re8 11. Nxb6 axb6 12. Bb2 Bd7 13. Qd3 Nd5 14. Rfd1 Qf6 15. Ne5 Rad8 16. Rac1 Qg5 17. Bxd5 exd5 18. b5 Nxe5 19. dxe5 c6 20. a4 Rc8 21. e4 Be6 22. Bd4 c5 23. Be3 Qxe5 24. exd5 Bf5 25. Qc4 Red8 26. Bf4 Qf6 27. f3 Qg6 28. Rd2 h6 29. Re1 Re8 1-0

[Event "Brno Duras op-B"]
[Site "Brno"]
[Date "2009.06.29"]
[Round "3"]
[White "Richterova, Natasa"]
[Black "Pelikan, Jaromir"]
[Result "0-1"]
[WhiteElo "1502"]
[BlackElo "1250"]
[PlyCount "90"]
[EventDate "2009.06.27"]
[EventType "swiss"]
[EventRounds "9"]
[EventCountry "CZE"]
[SourceTitle "CBM 131 Extra"]
[Source "ChessBase"]
[SourceDate "2009.09.03"]
[SourceVersion "2"]
[SourceVersionDate "2009.09.16"]
[SourceQuality "1"]

1. e4 c5 2. Nf3 Nc6 3. Nc3 d6 4. Bb5 Bd7 5. Bxc6 Bxc6 6. d4 cxd4 7. Qxd4 Nf6 8. Bg5 Qb6 9. Qxb6 axb6 10. Bxf6 gxf6 11. 0-0-0 e6 12. Kb1 Rg8 13. Rhg1 b5 14. Nd4 b4 15. Ncb5 Kd7 16. Nxc6 bxc6 17. Nd4 c5 18. Nf3 Bg7 19. Nd2 Ra6 20. Nb3 Kc6 21. g3 Bh6 22. Nd2 Rga8 23. Nc4 d5 24. exd5+ exd5 25. Ne3 Rxa2 26. Kc1 d4 27. Kd2 dxe3+ 28. fxe3 Rd8+ 29. Ke2 Rxd1 30. Rxd1 Rxb2 31. Rc1 c4 32. Kf3 Kc5 33. h4 b3 34. cxb3 Rxb3 35. Re1 Kb4 36. Ke4 Rxe3+ 37. Rxe3 Bxe3 38. Kxe3 Kb3 39. Kf4 c3 40. Kf5 c2 41. Kxf6 c1Q 42. Kxf7 Qh6 43. Kg8 Qg6+ 44. Kh8 Qxg3 45. Kxh7 Qxh4+ 0-1